Biblioteca

Evangelical Review of Theology (Registro nro. 49492)

Detalles MARC
000 -LIDER / CABECERA
fixed length control field 00866nas a2200301Ia 4500
001 - NUMERO DE CONTROL
control field 84
003 - IDENTIFICADOR DEL NUMERO DE CONTROL
control field CO-MdFUSB
005 - FECHA Y HORA DE LA ULTIMA TRANSACCION
control field 20170405160553.0
008 - ELEMENTOS DE LONGITUD FIJA
fixed length control field 151030s9999 x 000 0 e d
022 ## - NÚMERO INTERNACIONAL NORMALIZADO PARA PUBLICACIONES SERIADAS
ISSN 0144-8153
037 ## - FUENTE DE ADQUISICION
Proveedor World Evangelical Alliance
040 ## - FUENTE/ORIGEN DE LA CATALOGACIÓN
Agencia Catalogadora CO-MdFUSB
Lenguaje de catalogación spa
Agencia que realiza la transcripción CO-MdFUSB
Agencia que realiza la modificación CO-MdFUSB
Norma de descripción rda
041 0# - IDIOMA
Código de lengua del texto/banda sonora o título independiente eng
Código de idioma original eng
245 10 - TÍTULO PROPIAMENTE DICHO
Title Evangelical Review of Theology
/ Mención de Responsabilidad World Evangelical Alliance
260 ## - • Area De Publicacion, Distribucion, Etc. (Pie de Imprenta) (R)
Place of publication, distribution, etc Illions
264 ## - PRODUCCIÓN, PUBLICACIÓN, DISTRIBUCIÓN, MANUFACTURA, Y COPYRIGHT
Lugar de producción, publicación, distribución, fabricación : Estados Unidos :
Nombre del de productor, editor, distribuidor, fabricante, World Evangelical Alliance
300 ## - DESCRIPCIÓN FÍSICA
Extent Volumen 29 - 34
Dimensions 21 cm.
310 ## - PERIODICIDAD ACTUAL
Periodicidad actual No aplica
Fecha de comienzo de la periodicidad actual 2005
336 ## - TIPO DE CONTENIDO
Fuente rdacontent
Término de tipo de contenido
Código de tipo de contenido
337 ## - TIPO DE MEDIO
Fuente rdamedia
Nombre del tipo de medio
Código del tipo de medio
338 ## - TIPO DE SOPORTE
Nombre del tipo de soport
362 ## - FECHAS DE PUBLICACIÓN Y/O DESIGNACIÓN SECUENCIAL
Fecha de publicación y/o designación secuencial (Volumen) 2005 - 2010
546 ## - NOTA DE IDIOMA
Nota de idioma Texto en inglés
650 ## - PUNTO DE ACCESO ADICIONAL DE MATERIA -TÉRMINO DE MATERIA
Subdivisión de forma Publicaciones seriadas
773 ## - ENLACE AL DOCUMENTO FUENTE
Place, publisher, and date of publication Illions, Estados Unidos : World Evangelical Alliance 2005
810 ## - PUNTO DE ACCESO ADICIONAL DE SERIE - NOMBRE DE ENTIDAD
Tipo de Material Revista
942 ## - ELEMENTOS ADICIONALES (KOHA)
Koha item type Revistas y Fascículos
Source of classification or shelving scheme Dewey Decimal Classification
Estado de la suscripción No aplica
Existencias
Expurgo - (Retirado) Estado de Perdido Estado de Dañado Not for loan Colección Home library Current library Ubicación en Estantería Date acquired Información de volumen - Fascículo Signatura topográfica Barcode Copy number Koha item type Notas/Título del fascículo
        Colección de Hemeroteca Biblioteca FUSBC Biblioteca FUSBC Hemeroteca 11/04/2006 Volumen 29, Número 3, (2005) R1471 Ej. 1 Revistas y Fascículos  
        Colección Patrimonial Biblioteca FUSBC Biblioteca FUSBC Hemeroteca 19/06/2010 Volumen 34, Número 1, (2010) R1472 Ej. 1 Libros Patrimoniales Incluye artículo de miembro de la institución

Biblioteca FUSBC | Teléfono: (57+4) 349 88 10 Ext. 141| WhatsApp (+57) 3005338115 
E-mail: biblioteca@unisbc.edu.co | Calle 76 87-14 Robledo Palenque, Medellín, Colombia

Con tecnología Koha